000 00447nam a2200193Ia 4500
001 1996
003 IVS
005 20250626024123.0
008 211022s9999 xx 000 0 und d
040 _cIVS
082 _a813.54954 AIR
100 _aAirports Development Agency
245 0 _aAirports Development Agency LTD
260 _aNew York
260 _bAirports Development Agency
260 _c1970
300 _a459
942 _cBK
_n0
_2ddc
999 _c1714
_d1714